000 00641nam a2200193 a 4500
005 20240925065506.0
008 040423s2002 mx r 000 0 spa d
020 _a9870002013
035 _aUPN01000133086
049 _aCG
050 4 _aLC191
_bM6.8
100 1 _aMolina Luque, J. Fidel
245 1 0 _aSociología de la educación intercultural :
_bvías alternativas de investigación y debate /
_cJ. Fidel Molina Luque.
260 _aBuenos Aires :
_bLumen-Hvmanitas :
_bUniversidad de Lleida,
_c2002.
300 _a191 p.
650 4 _aSociología de la educación
_94896
650 4 _aEducación intercultural
_94812
905 _aLibro
999 _c105239
_d105239